Đại số đại cương

Gardado en:
Detalles Bibliográficos
Autor Principal: Lê, Văn Khoa
Formato: Libro
Idioma:Undetermined
Publicado: Hà Nội Đại học Sư phạm 2004
Những chủ đề:
Các nhãn: Engadir etiqueta
Sen Etiquetas, Sexa o primeiro en etiquetar este rexistro!
Thư viện lưu trữ: Trung tâm Học liệu Trường Đại học Cần Thơ
LEADER 00553nam a2200193Ia 4500
001 CTU_98369
008 210402s9999 xx 000 0 und d
020 |c 20000 
082 |a 512.02 
082 |b Kh401 
100 |a Lê, Văn Khoa 
245 0 |a Đại số đại cương 
245 0 |c Lê Văn Khoa 
260 |a Hà Nội 
260 |b Đại học Sư phạm 
260 |c 2004 
650 |a Algebra, abstract,Algebraic fields,Combinations,Group theory 
904 |i Năm 
980 |a Trung tâm Học liệu Trường Đại học Cần Thơ